
Library Catalogue

| 000 -LEADER | |
|---|---|
| fixed length control field | 02017nam a2200217Ia 4500 |
| 003 - CONTROL NUMBER IDENTIFIER | |
| control field | OSt |
| 005 - DATE AND TIME OF LATEST TRANSACTION | |
| control field | 20260204053240.0 |
| 008 - FIXED-LENGTH DATA ELEMENTS--GENERAL INFORMATION | |
| fixed length control field | 181105s2014 xx 000 0 und |
| 020 ## - INTERNATIONAL STANDARD BOOK NUMBER | |
| International Standard Book Number | 9781107636897 |
| 040 ## - CATALOGING SOURCE | |
| Transcribing agency | nls |
| 082 ## - DEWEY DECIMAL CLASSIFICATION NUMBER | |
| Classification number | 336.001 MAR |
| 245 ## - TITLE STATEMENT | |
| Title | Coercion and social welfare in public finance : |
| Remainder of title | economic and political perspectives / |
| Statement of responsibility, etc. | edited by Jorge Martinez-Vazquez and Stanley L. Winer |
| 260 ## - PUBLICATION, DISTRIBUTION, ETC. | |
| Place of publication, distribution, etc. | Cambridge : |
| Name of publisher, distributor, etc. | Cambridge University Press, |
| Date of publication, distribution, etc. | 2014. |
| 300 ## - PHYSICAL DESCRIPTION | |
| Extent | xiii, 353 p. ; |
| Dimensions | 21 cm. |
| 505 ## - FORMATTED CONTENTS NOTE | |
| Formatted contents note | 1. Coercion, welfare, and the study of public finance Jorge Martinez-Vazquez and Stanley L. Winer; Part I. Violence, Structured Anarchy, and the State: <br/>2. The constitution of coercion: Wicksell, violence, and the ordering of society John J. Wallis; <br/>3. Proprietary public finance: on its emergence and evolution out of anarchy Stergios Skaperdas; Part II. Voluntary and Coercive Transactions in Welfare Analysis: <br/>4. Coercion, taxation, and voluntary association Roger D. Congleton; <br/>5. Kaldor-Hicks coercion, Coasian bargaining, and the state Michael C. Munger; Part III. Coercion in Public Sector Economics: Theory and Application: <br/>6. Non-coercion, efficiency and incentive compatibility in public goods John O. Ledyard; <br/>7. Social welfare and coercion in public finance Stanley L. Winer, George Tridimas and Walter Hettich; 8. Lindahl fiscal incidence and the measurement of coercion Saloua Sehili and Jorge Martinez-Vazquez; <br/>9. Fiscal coercion in federal systems, with special attention to highly divided societies Giorgio Brosio; Part IV. Coercion in the Laboratory: <br/>10. Cooperating to resist coercion: an experimental study Lucy F. Ackert, Ann B. Gillette and Mark Rider; <br/>11. Partial coercion, conditional cooperation, and self-commitment in voluntary contributions to public goods Elena Cettolin and Arno Riedl.<br/>Show More<br/> |
| 650 ## - SUBJECT ADDED ENTRY--TOPICAL TERM | |
| Topical term or geographic name entry element | Public finance |
| 650 ## - SUBJECT ADDED ENTRY--TOPICAL TERM | |
| Topical term or geographic name entry element | Social welfare |
| 700 ## - ADDED ENTRY--PERSONAL NAME | |
| Personal name | Martinez-Vazquez , Jorge |
| 700 ## - ADDED ENTRY--PERSONAL NAME | |
| Personal name | Winer, Stanley L. |
| 942 ## - ADDED ENTRY ELEMENTS (KOHA) | |
| Source of classification or shelving scheme | Dewey Decimal Classification |
| Koha item type | BOOKs |
| Withdrawn status | Lost status | Damaged status | Not for loan | Collection code | Home library | Current library | Shelving location | Date acquired | Cost, normal purchase price | Total Checkouts | Full call number | Barcode | Date last seen | Price effective from | Koha item type |
|---|---|---|---|---|---|---|---|---|---|---|---|---|---|---|---|
| . | . | General Stacks | 05.11.2018 | 3084.00 | 336.001 MAR | 35440 | 05.11.2018 | 05.11.2018 | BOOKs |